Прагматична спрямованість оцінної лексики у творах Марка Твена (Запис № 284296)
[ простий вигляд ]
| 000 -LEADER | |
|---|---|
| fixed length control field | 02065nam a22001577a 4500 |
| 041 ## - LANGUAGE CODE | |
| Language code of text/sound track or separate title | ukr |
| 080 ## - UNIVERSAL DECIMAL CLASSIFICATION NUMBER | |
| Universal Decimal Classification number | 09 |
| 090 ## - LOCALLY ASSIGNED LC-TYPE CALL NUMBER (OCLC); LOCAL CALL NUMBER (OCLC) | |
| Local cutter number (OCLC) ; Book number/undivided call number, CALL (RLIN) | ПРО |
| 100 ## - MAIN ENTRY--PERSONAL NAME | |
| Personal name | Прокопович Н.І. |
| 245 ## - TITLE STATEMENT | |
| Title | Прагматична спрямованість оцінної лексики у творах Марка Твена |
| 260 ## - PUBLICATION, DISTRIBUTION, ETC. (IMPRINT) | |
| Place of publication, distribution, etc | Острог |
| Name of publisher, distributor, etc | КАФ |
| Date of publication, distribution, etc | 2010 |
| 300 ## - PHYSICAL DESCRIPTION | |
| Extent | 69 |
| 520 ## - SUMMARY, ETC. | |
| Summary, etc | ВСТУП<br/>РОЗДІЛ 1 ЗАСОБИ ВИРАЖЕННЯ ВЕРБАЛЬНОЇ ОЦІНКИ В АНГЛІЙСЬКІЙ МОВІ<br/>1.1 Погляди різних вчених на визначення поняття вербальної оцінки.<br/>1.2 Поняття вербальної оцінки в різних науках.<br/>1.2.1 Вербальне оцінювання в педагогіці.<br/>1.2.2 Вербальна оцінка в соціології.<br/>1.2.3 Вербальна оцінка в медицині.<br/>1.3 Визначення частоти вживання оцінної лексики в англійській мові.<br/>1.4 Етимологія оцінної лексики англійської мови.<br/>РОЗДІЛ 2 ОЦІННА ЛЕКСИКА У ТВОРАХ МАРКА ТВЕНА "ПРИГОДИ ТОМА СОЙЄРА" ТА "ПРИГОДИ ГЕКЛЬБЕРРІ ФІННА"<br/>2.1 Засоби вербальної оцінки в авторській мові та мові персонажів.<br/>2.2 Кількісний та якісний аналіз лексики з оцінною семою в порівнюваних творах.<br/>2.2.1 Оцінна лексика в повісті "Пригоди Тома Сойєра".<br/>2.2.2 Оцінна лексика в романі "Пригоди Гекльберрі Фінна".<br/>2.3 Співвідношення позитивно, негативно та нейтрально маркованої лексики в творах.<br/>2.4 Порівняння рейтингу |
| -- | Оцінна лексика, вербальна оцінка, Марк Твен |
| 650 ## - SUBJECT ADDED ENTRY--TOPICAL TERM | |
| Topical term or geographic name as entry element | Research Papers |
| 942 ## - ADDED ENTRY ELEMENTS (KOHA) | |
| Koha item type | Книги |
| Withdrawn status | Lost status | Source of classification or shelving scheme | Damaged status | Not for loan | Home library | Current library | Date acquired | Source of acquisition | Cost, normal purchase price | Total Checkouts | Full call number | Barcode | Date last seen | Price effective from | Koha item type |
|---|---|---|---|---|---|---|---|---|---|---|---|---|---|---|---|
| Universal Decimal Classification | ВІЛ - Відділ іноземн. літератури НБ | ВІЛ - Відділ іноземн. літератури НБ | 16/04/2009 | Акт №1 | 1.00 | 09 | 213949 | 20/12/2021 | 16/04/2009 | Книги |